| 000 | 00458nam a2200169Ia 4500 | ||
|---|---|---|---|
| 999 |
_c8874 _d8874 |
||
| 003 | OSt | ||
| 005 | 20210812095604.0 | ||
| 008 | 151021s9999 xx 000 0 und d | ||
| 020 | _a907707399-x | ||
| 040 |
_aMMU _beng _cMMU _dMMU |
||
| 050 | _aSB 355 .V55 2004 | ||
| 245 |
_aPropagating and planting trees/ _cEd Verheij. |
||
| 260 |
_aNetherlands : _bAgromisa, _c2004. |
||
| 300 |
_a102 p. : _bill. ; |
||
| 650 | _aPropagation | ||
| 942 |
_2lcc _cLOAN LOAN |
||